La expansión europea: siglos XIII al XV
I tiakina i:
| Kaituhi matua: | |
|---|---|
| Hōputu: | Pukapuka |
| Reo: | Pāniora |
| I whakaputaina: |
Barcelona
Labor
1977
|
| Putanga: | 2a. ed |
| Rangatū: | Nueva Clio. La Historia y sus Problemas, 26
|
| Ngā marau: | |
| Ngā Tūtohu: |
Tāpirihia he Tūtohu
Kāore He Tūtohu, Me noho koe te mea tuatahi ki te tūtohu i tēnei pūkete!
|
MARC
| LEADER | 00000nam a2200000 a 4500 | ||
|---|---|---|---|
| 001 | UCP9773 | ||
| 003 | CL-VaPUC | ||
| 008 | 000331e19770000SP |||||||||||||||||spa|d | ||
| 082 | 0 | 4 | |a 940.21 |b CHA |2 21 |
| 100 | 0 | |a Chaunu, Pierre |e author |9 440574 | |
| 245 | 1 | 3 | |a La expansión europea: siglos XIII al XV |
| 250 | |a 2a. ed | ||
| 300 | |a 339 p | ||
| 942 | |c BK | ||
| 945 | |d 20000331 00:00:00 |a rherrera | ||
| 260 | |a Barcelona |b Labor |c 1977 | ||
| 650 | 0 | |a Historia de Europa |9 392003 | |
| 650 | 7 | |a EXPANSION TERRITORIAL |2 CL-VaPUC |9 393702 | |
| 650 | 7 | |a SIGLOS 13-15 |2 CL-VaPUC |9 440575 | |
| 651 | 0 | |a Europa |9 255156 | |
| 651 | 7 | |a MEDITERRANEO |2 CL-VaPUC |9 269643 | |
| 651 | 7 | |a OCEANO ATLANTICO |2 CL-VaPUC |9 262204 | |
| 651 | 0 | |a Asia |9 268338 | |
| 651 | 0 | |a África |9 256790 | |
| 651 | 0 | |a América |9 255182 | |
| 583 | |a last modification |c 20000331 00:00:00 |k Rodrigo Vera | ||
| 490 | 0 | |a Nueva Clio. La Historia y sus Problemas, 26 | |
| 999 | |c 286558 |d 286556 | ||
| 952 | |0 0 |1 0 |4 0 |6 940_210000000000000_CHA_1977 |7 0 |8 A |9 332557 |a BIBHIS |b BIBHIS |d 2019-11-20 |i 1261975 |o 940.21 CHA 1977 |p 1261975 |r 2025-01-20 |w 2019-11-20 |y BK |k HIS | ||